000 00296nam a22001217a 4500
008 180905b xxu||||| |||| 00| 0 eng d
041 _aeng
080 _a941
100 _a16
101 _aHIS
245 _aTHe Development Of Westrn Teschnology Sincce 1500
_cHughes.Th.P
942 _2udc
_cBK
999 _c47564
_d47564